[Event "Prva liga Centalne Srbije 2009"]
[Site "Vrnjacka Banja"]
[Date "2009.09.24"]
[Round "9.4"]
[White "Blagojevic, Dragisa"]
[Black "Boskovic, Drasko"]
[Result "1/2-1/2"]
[WhiteElo "2546"]
[BlackElo "2436"]
[PlyCount "84"]
[EventDate "2009.09.19"]

1. d4 Nf6 2. c4 c5 3. d5 e6 4. Nc3 exd5 5. cxd5 d6 6. e4 g6 7. h3 Bg7 8. Nf3
O-O 9. Bd3 b5 10. Bxb5 Nxe4 11. Nxe4 Qa5+ 12. Nfd2 Qxb5 13. Nxd6 Qa6 14. N2c4
Nd7 15. O-O Ne5 16. Nxc8 Raxc8 17. Nxe5 Bxe5 18. Re1 Qf6 19. Qg4 Bd4 20. Re2 h5
21. Qe4 Rb8 22. d6 Rfd8 23. Bf4 Bxb2 24. d7 Rb4 25. Qe8+ Kg7 26. Rb1 Rxf4 27.
Rbxb2 Rd4 28. Rbd2 R8xd7 29. Qxd7 Rxd7 30. Rxd7 a5 31. Rd3 Qa1+ 32. Kh2 Qc1 33.
Rf3 Qc4 34. Rd2 h4 35. a3 Qe4 36. Re3 Qb1 37. Rc3 Qb8+ 38. g3 hxg3+ 39. fxg3
Qb5 40. Rdc2 Qa4 41. Rd2 Qb5 42. Rdc2 Qa4 1/2-1/2

[Event "Prva liga Centalne Srbije 2009"]
[Site "Vrnjacka Banja"]
[Date "2009.09.24"]
[Round "9.4"]
[White "Pancevski, Filip"]
[Black "Tosic, Miroslav"]
[Result "1-0"]
[WhiteElo "2432"]
[BlackElo "2441"]
[PlyCount "91"]
[EventDate "2009.09.19"]

1. e4 e6 2. d4 b6 3. Nf3 Bb7 4. Bd3 c5 5. c3 cxd4 6. cxd4 Nf6 7. Qe2 Nc6 8. a3
Be7 9. O-O d6 10. b4 O-O 11. Nbd2 Rc8 12. Bb2 Nd7 13. Rac1 Re8 14. Rc2 a5 15.
b5 Na7 16. Rxc8 Qxc8 17. Bb1 Qb8 18. Rd1 Nf8 19. a4 Ng6 20. Ba2 d5 21. e5 Rc8
22. Bb1 Qc7 23. g3 Qd8 24. h4 Rc7 25. Bd3 Nc8 26. Nf1 Nf8 27. Ne3 Bb4 28. Bb1
Ne7 29. Ng5 h6 30. Nh3 Bc8 31. Nf4 Kh8 32. Qg4 Ng8 33. Nc2 Be7 34. Ne3 Bb4 35.
Bd3 f5 36. exf6 e5 37. Ng6+ Nxg6 38. Qxg6 e4 39. Nxd5 Qxd5 40. Bxe4 Bf5 41.
fxg7+ Rxg7 42. Qxg7+ Kxg7 43. Bxd5 Bc2 44. Rc1 Bxa4 45. Bxg8 Kxg8 46. Rc6 1-0

[Event "Prva liga Centalne Srbije 2009"]
[Site "Vrnjacka Banja"]
[Date "2009.09.24"]
[Round "9.4"]
[White "Ristic, Nenad"]
[Black "Stankovic, Milos"]
[Result "1-0"]
[WhiteElo "2407"]
[BlackElo "2357"]
[PlyCount "43"]
[EventDate "2009.09.19"]

1. e4 c5 2. c3 Nf6 3. e5 Nd5 4. d4 cxd4 5. Nf3 Nc6 6. Bc4 Nb6 7. Bb3 d5 8. exd6
Qxd6 9. O-O Be6 10. Na3 dxc3 11. Qe2 Bxb3 12. Nb5 Qb8 13. axb3 e5 14. Nbd4 Nxd4
15. Nxd4 a6 16. bxc3 f6 17. b4 Kf7 18. Qa2+ Kg6 19. Nf3 Qc8 20. Nh4+ Kh5 21.
Qf7+ Kxh4 22. g3+ 1-0

[Event "Prva liga Centalne Srbije 2009"]
[Site "Vrnjacka Banja"]
[Date "2009.09.24"]
[Round "9.4"]
[White "Milenkovic, Mladen"]
[Black "Vratonjic, Slobo"]
[Result "1-0"]
[WhiteElo "2341"]
[BlackElo "2409"]
[PlyCount "121"]
[EventDate "2009.09.19"]

1. e4 c5 2. Nf3 e6 3. d4 cxd4 4. Nxd4 Nc6 5. Nc3 Qc7 6. Be3 a6 7. Be2 Nxd4 8.
Qxd4 b5 9. O-O-O Bb7 10. Rd2 Nf6 11. e5 Nd5 12. Nxd5 Bxd5 13. Bf3 Bxf3 14. gxf3
Be7 15. Rg1 g6 16. Rgd1 Rd8 17. f4 Qc6 18. Qb6 Qxb6 19. Bxb6 Rb8 20. Bc7 Rc8
21. Rxd7 Bh4 22. Bb6 O-O 23. Be3 Rc6 24. R1d6 Rfc8 25. c3 Kf8 26. Ra7 Rxd6 27.
exd6 Rc6 28. b4 Rxc3+ 29. Kd2 Ra3 30. Ra8+ Kg7 31. Bd4+ Kh6 32. d7 Rxa2+ 33.
Kd3 Kh5 34. d8=Q Bxd8 35. Rxd8 a5 36. bxa5 Rxa5 37. Rh8 Kh6 38. Bf6 b4 39. Rf8
Ra7 40. Rb8 Ra3+ 41. Ke2 Kh5 42. Rxb4 Kg4 43. Rb7 Ra2+ 44. Ke3 Ra3+ 45. Ke4
Ra4+ 46. Bd4 f5+ 47. Ke5 Ra5+ 48. Kxe6 Kxf4 49. Rxh7 Ke4 50. Bf6 f4 51. h4 Ra6+
52. Kf7 Kf5 53. Be7 Ra2 54. f3 Rf2 55. h5 g5 56. Rg7 Rxf3 57. Rxg5+ Ke4 58. h6
Rh3 59. Kg7 f3 60. Bc5 Kf4 61. Rg6 1-0

[Event "Prva liga Centalne Srbije 2009"]
[Site "Vrnjacka Banja"]
[Date "2009.09.24"]
[Round "9.4"]
[White "Zlatanovic, Boroljub"]
[Black "Misailovic, Nebojsa"]
[Result "1/2-1/2"]
[WhiteElo "2404"]
[BlackElo "2291"]
[PlyCount "126"]
[EventDate "2009.09.19"]

1. c4 Nf6 2. Nc3 d5 3. cxd5 Nxd5 4. Nf3 g6 5. e4 Nxc3 6. dxc3 Qxd1+ 7. Kxd1 Bg7
8. Bf4 c5 9. Bb5+ Bd7 10. Bxd7+ Nxd7 11. Nd2 O-O 12. a4 f5 13. exf5 gxf5 14.
Re1 e5 15. Bg5 Rae8 16. Nc4 Re6 17. Bd2 f4 18. f3 Rh6 19. h3 Rg6 20. Re2 e4 21.
fxe4 f3 22. gxf3 Rxf3 23. Kc2 Ne5 24. Nxe5 Bxe5 25. Rh1 Rgg3 26. h4 h5 27. Bg5
Kf7 28. Rd1 Ke6 29. Rd8 Bf4 30. Re8+ Kd7 31. Re7+ Kc6 32. Re6+ Kd7 33. Re7+ Kc6
34. Bf6 Bd6 35. Rf7 Re3 36. Rxe3 Rxe3 37. Bg5 Rxe4 38. Rh7 Rxa4 39. Rxh5 Re4
40. Rh6 c4 41. Rg6 Kd7 42. Rg7+ Ke6 43. h5 Bf4 44. Rg6+ Kd7 45. Bf6 Re1 46. b4
Re2+ 47. Kd1 Rh2 48. Rg7+ Ke6 49. Bd4 b5 50. Rxa7 Rxh5 51. Rb7 Rd5 52. Ke2 Bd6
53. Rb6 Kd7 54. Bc5 Bxc5 55. Rxb5 Kc6 56. Rxc5+ Rxc5 57. bxc5 Kxc5 58. Kd2 Kd5
59. Ke3 Ke5 60. Kf3 Kf5 61. Ke3 Ke5 62. Kf3 Kf5 63. Ke3 Ke5 1/2-1/2

[Event "Prva liga Centalne Srbije 2009"]
[Site "Vrnjacka Banja"]
[Date "2009.09.24"]
[Round "9.4"]
[White "Marinkovic, Zoran"]
[Black "Lazic, Dragoljub"]
[Result "1/2-1/2"]
[WhiteElo "2259"]
[BlackElo "2317"]
[PlyCount "41"]
[EventDate "2009.09.19"]

1. Nf3 Nf6 2. g3 g6 3. Bg2 Bg7 4. O-O O-O 5. c4 d6 6. Nc3 Nc6 7. a3 e5 8. d3 a5
9. Rb1 h6 10. b4 axb4 11. axb4 Be6 12. b5 Ne7 13. Bb2 Nd7 14. Ne1 c6 15. Nc2
Qc7 16. Ba3 f5 17. Rb3 Rfb8 18. Qd2 Nc8 19. Rfb1 Ncb6 20. bxc6 bxc6 21. h3
1/2-1/2

[Event "Prva liga Centalne Srbije 2009"]
[Site "Vrnjacka Banja"]
[Date "2009.09.25"]
[Round "10.2"]
[White "Marinkovic, Slavisa"]
[Black "Spasov, Vasil"]
[Result "1/2-1/2"]
[WhiteElo "2397"]
[BlackElo "2592"]
[PlyCount "25"]
[EventDate "2009.09.19"]

1. e4 c5 2. Nc3 Nc6 3. Nge2 Nf6 4. g3 d5 5. exd5 Nd4 6. Bg2 Bg4 7. h3 Bf3 8.
Bxf3 Nxf3+ 9. Kf1 Nd4 10. Nxd4 cxd4 11. Nb5 Rc8 12. Nxd4 Qxd5 13. Nf3 1/2-1/2

[Event "Prva liga Centalne Srbije 2009"]
[Site "Vrnjacka Banja"]
[Date "2009.09.25"]
[Round "10.2"]
[White "Vojinovic, Goran"]
[Black "Certic, Branimir"]
[Result "0-1"]
[WhiteElo "2458"]
[BlackElo "2413"]
[PlyCount "78"]
[EventDate "2009.09.19"]

1. Nf3 c6 2. c4 e6 3. g3 b5 4. d3 bxc4 5. dxc4 d5 6. Bg2 Nf6 7. O-O Nbd7 8. Qc2
Bc5 9. Nbd2 O-O 10. Nb3 Bb6 11. Bf4 Ba6 12. c5 Bc7 13. Nbd4 Bxf4 14. gxf4 Qc7
15. b4 Nh5 16. Qa4 Bb5 17. Nxb5 cxb5 18. Qxb5 Nxf4 19. Nd4 Rfb8 20. Qc6 Qd8 21.
e3 Rxb4 22. Rfc1 Rc8 23. Qa6 Nxc5 24. Qf1 Nfd3 25. Rc3 Ne5 26. Rac1 Nc4 27.
R3c2 g6 28. e4 Qg5 29. exd5 exd5 30. Kh1 Rb2 31. Rd1 Rxc2 32. Nxc2 Ne4 33. Nb4
Ncd2 34. Qe1 Rc4 35. Nd3 Rd4 36. Nb2 Nc3 37. Rc1 Nde4 38. Kg1 Rd2 39. h4 Qf4
0-1

[Event "Prva liga Centalne Srbije 2009"]
[Site "Vrnjacka Banja"]
[Date "2009.09.25"]
[Round "10.2"]
[White "Stamenkovic, Dragan"]
[Black "Raicevic, Vladimir"]
[Result "1-0"]
[WhiteElo "2391"]
[BlackElo "2401"]
[PlyCount "87"]
[EventDate "2009.09.19"]

1. d4 d5 2. c4 e6 3. Nc3 Nf6 4. cxd5 exd5 5. Bg5 c6 6. e3 Nbd7 7. Bd3 Be7 8.
Qc2 Nf8 9. O-O-O Ne6 10. Bh4 g6 11. Nge2 Ng7 12. f3 Nf5 13. Bf2 Nd6 14. h3 a6
15. e4 Nb5 16. e5 Nh5 17. f4 Nxc3 18. Qxc3 f5 19. exf6 Nxf6 20. g4 Qc7 21. Rde1
Be6 22. f5 gxf5 23. gxf5 Bf7 24. Bg3 Qd7 25. Nf4 Rg8 26. Rhg1 O-O-O 27. Ne6
Rde8 28. Nc5 Bxc5 29. dxc5 Rxe1+ 30. Qxe1 Re8 31. Qd2 Ne4 32. Qf4 Nxg3 33. Rxg3
Qe7 34. Qf2 Qh4 35. a3 d4 36. Rf3 Qe7 37. b4 Qf6 38. Kc2 Bd5 39. Rf4 Re3 40.
Qh4 Qe5 41. Rxd4 Rg3 42. f6 Qe1 43. Bf5+ Kd8 44. f7+ 1-0

[Event "Prva liga Centalne Srbije 2009"]
[Site "Vrnjacka Banja"]
[Date "2009.09.25"]
[Round "10.2"]
[White "Milosevic, Aleksandar"]
[Black "Jesic, Dusan"]
[Result "1/2-1/2"]
[WhiteElo "2280"]
[BlackElo "2395"]
[PlyCount "52"]
[EventDate "2009.09.19"]

1. Nf3 Nf6 2. c4 g6 3. Nc3 Bg7 4. e4 d6 5. d4 O-O 6. Be3 c6 7. h3 Nbd7 8. d5
Nc5 9. Nd2 a5 10. Be2 e5 11. dxe6 Nxe6 12. O-O d5 13. cxd5 cxd5 14. exd5 Nxd5
15. Nxd5 Qxd5 16. Nc4 Qe4 17. Nb6 Rb8 18. Qd6 Be5 19. Bf3 Qf5 20. Qa3 h5 21.
Nc4 Bc7 22. Rfd1 Ng5 23. Bd5 Be6 24. Qc5 Rfc8 25. Bxe6 Nxe6 26. Qxf5 gxf5
1/2-1/2

[Event "Prva liga Centalne Srbije 2009"]
[Site "Vrnjacka Banja"]
[Date "2009.09.25"]
[Round "10.2"]
[White "Jovanovic, Zoran Z"]
[Black "Nesic, Nebojsa"]
[Result "1-0"]
[WhiteElo "2354"]
[BlackElo "2127"]
[PlyCount "51"]
[EventDate "2009.09.19"]

1. c4 Nf6 2. g3 g6 3. Bg2 Bg7 4. Nc3 O-O 5. d3 c6 6. e4 e5 7. Nge2 d6 8. O-O
Nbd7 9. h3 Ne8 10. Rb1 f5 11. Be3 Nc5 12. exf5 Bxf5 13. b4 Nxd3 14. g4 Nxf2 15.
Rxf2 Bxb1 16. Rxf8+ Bxf8 17. Qxb1 Nc7 18. b5 d5 19. cxd5 cxd5 20. Nxd5 Nxd5 21.
Qb3 Qa5 22. Qxd5+ Kh8 23. Kh2 Rd8 24. Qf7 Bg7 25. b6 axb6 26. Bh6 1-0

[Event "Prva liga Centalne Srbije 2009"]
[Site "Vrnjacka Banja"]
[Date "2009.09.25"]
[Round "10.2"]
[White "Stefanovic, Vladimir"]
[Black "Kosanovic, Dragan"]
[Result "1/2-1/2"]
[WhiteElo "2177"]
[BlackElo "2314"]
[PlyCount "53"]
[EventDate "2009.09.19"]

1. Nf3 c5 2. g3 Nc6 3. Bg2 g6 4. O-O Bg7 5. c4 e5 6. Nc3 d6 7. d3 Nge7 8. a3
O-O 9. Rb1 a5 10. Ne1 Be6 11. Nd5 Rb8 12. Nc2 b5 13. b4 axb4 14. axb4 bxc4 15.
dxc4 cxb4 16. Bd2 b3 17. Na3 f5 18. Rxb3 Rxb3 19. Qxb3 Nd4 20. Qd1 f4 21. Nc2
f3 22. Nxd4 Bxd5 23. Nxf3 Bxc4 24. Bb4 Nf5 25. Qc2 Be6 26. Qc6 Qb8 27. Ng5
1/2-1/2

[Event "Prva liga Centalne Srbije 2009"]
[Site "Vrnjacka Banja"]
[Date "2009.09.25"]
[Round "10.3"]
[White "Boskovic, Drasko"]
[Black "Bojkov, Dejan"]
[Result "0-1"]
[WhiteElo "2436"]
[BlackElo "2528"]
[PlyCount "54"]
[EventDate "2009.09.19"]

1. e4 e5 2. Nf3 Nc6 3. Bc4 Nf6 4. d4 exd4 5. e5 Ne4 6. Qe2 Nc5 7. c3 d3 8. Qe3
Be7 9. b4 Ne6 10. Bxd3 d6 11. exd6 Bxd6 12. Qe4 a5 13. O-O axb4 14. Re1 Be7 15.
Bb5 O-O 16. Bb2 Bf6 17. Bxc6 bxc6 18. Qxb4 c5 19. Qe4 Rb8 20. Ba3 Bb7 21. Qe3
Re8 22. Nbd2 Qd7 23. Bxc5 Nf8 24. Qf4 Bxc3 25. Rxe8 Rxe8 26. Rb1 Bxd2 27. Nxd2
Ne6 0-1

[Event "Prva liga Centalne Srbije 2009"]
[Site "Vrnjacka Banja"]
[Date "2009.09.25"]
[Round "10.3"]
[White "Ristic, Nebojsa M"]
[Black "Pancevski, Filip"]
[Result "1/2-1/2"]
[WhiteElo "2377"]
[BlackElo "2432"]
[PlyCount "135"]
[EventDate "2009.09.19"]

1. d4 Nf6 2. c4 g6 3. Nc3 Bg7 4. e4 d6 5. f4 O-O 6. Nf3 c5 7. d5 e6 8. Be2 exd5
9. cxd5 Bg4 10. h3 Bxf3 11. Bxf3 Nbd7 12. O-O a6 13. a4 Qa5 14. Kh1 Rfe8 15.
Bd2 c4 16. b4 cxb3 17. Qxb3 Nc5 18. Qa3 Qc7 19. e5 dxe5 20. fxe5 Rxe5 21. Bf4
Nfd7 22. Bxe5 Qxe5 23. Ne2 Qd6 24. Rac1 h5 25. h4 Re8 26. g3 Bh6 27. Nf4 Bxf4
28. gxf4 Qxf4 29. Rxc5 Qxh4+ 30. Kg2 Qg5+ 31. Kh1 Qh4+ 32. Kg2 Nxc5 33. Qxc5
Re5 34. Kg1 Qg3+ 35. Bg2 Re2 36. Qc8+ Kg7 37. Qh3 Qxh3 38. Bxh3 Rd2 39. Bg2 f5
40. Rb1 b5 41. a5 g5 42. Rc1 g4 43. Rc7+ Kg6 44. Rc6+ Kg5 45. Rxa6 h4 46. Ra8
g3 47. Rg8+ Kf4 48. Rh8 Rd1+ 49. Bf1 Rxd5 50. Rxh4+ Kg5 51. Rb4 Rd1 52. Kg2 Ra1
53. Rxb5 Ra3 54. Rd5 Kf4 55. a6 Ra2+ 56. Kg1 Ke4 57. Rd7 f4 58. Re7+ Kd4 59.
Be2 f3 60. Bxf3 Rxa6 61. Kg2 Rg6 62. Re4+ Kd3 63. Ra4 Rg7 64. Bg4 Rg8 65. Kxg3
Rf8 66. Bf3 Rf7 67. Kf2 Rf6 68. Ra5 1/2-1/2

[Event "Prva liga Centalne Srbije 2009"]
[Site "Vrnjacka Banja"]
[Date "2009.09.25"]
[Round "10.3"]
[White "Stankovic, Milos"]
[Black "Djokic, Nenad"]
[Result "1/2-1/2"]
[WhiteElo "2357"]
[BlackElo "2349"]
[PlyCount "129"]
[EventDate "2009.09.19"]

1. e4 c5 2. Nf3 Nc6 3. d4 cxd4 4. Nxd4 Nf6 5. Nc3 e5 6. Ndb5 d6 7. Bg5 a6 8.
Na3 b5 9. Nd5 Be7 10. Bxf6 Bxf6 11. c4 b4 12. Nc2 a5 13. Qf3 Be6 14. Rd1 Bxd5
15. Rxd5 Ne7 16. Rd1 Qb6 17. h4 a4 18. Qe3 Qc5 19. g3 O-O 20. Be2 Rfb8 21. Qxc5
dxc5 22. Ne3 b3 23. a3 Nc6 24. Rd5 Ra5 25. O-O Nd4 26. Bg4 g6 27. Rd1 Bg7 28.
Bd7 h5 29. Kg2 Rd8 30. Bc6 Rc8 31. Bd7 Rd8 32. Bc6 Rc8 33. Bd7 Rf8 34. Rd6 Rd8
35. Rd5 Kh7 36. Rf1 Rf8 37. Nd1 Rfa8 38. Nc3 R8a7 39. Bb5 Ne6 40. Rfd1 Bh6 41.
Rd7 Rxd7 42. Bxd7 Nd4 43. Bxa4 f5 44. exf5 gxf5 45. Be8 e4 46. Bxh5 Bg7 47. Rb1
Nc2 48. Nd5 Ra7 49. Bd1 Ne1+ 50. Kf1 Nd3 51. Bxb3 Nxb2 52. Ne3 Rxa3 53. Bc2 Kg6
54. h5+ Kg5 55. h6 Bd4 56. h7 Ra8 57. g4 Bxe3 58. fxe3 Nxc4 59. gxf5 Nxe3+ 60.
Kf2 Ng4+ 61. Ke2 Kxf5 62. Rb5 Nf6 63. Rxc5+ Kf4 64. Rc7 Rh8 65. Rf7 1/2-1/2

[Event "Prva liga Centalne Srbije 2009"]
[Site "Vrnjacka Banja"]
[Date "2009.09.25"]
[Round "10.3"]
[White "Stankovic, Dragan P"]
[Black "Milenkovic, Mladen"]
[Result "1/2-1/2"]
[WhiteElo "2326"]
[BlackElo "2341"]
[PlyCount "140"]
[EventDate "2009.09.19"]

1. c4 c5 2. Nc3 Nc6 3. g3 g6 4. Bg2 Bg7 5. e3 Nh6 6. Nge2 Nf5 7. d3 d6 8. a3
Qd7 9. Rb1 b6 10. b4 Bb7 11. O-O e6 12. b5 Nce7 13. e4 Nd4 14. Nxd4 cxd4 15.
Ne2 O-O 16. a4 d5 17. Ba3 Rac8 18. cxd5 exd5 19. exd5 Rfd8 20. Nf4 Nxd5 21.
Nxd5 Bxd5 22. Bxd5 Qxd5 23. Bb4 h5 24. h4 Rc7 25. Qb3 Qxb3 26. Rxb3 Rc2 27. Ra1
Re8 28. a5 Bh6 29. axb6 axb6 30. Be1 Bc1 31. Kf1 Bb2 32. Ra4 Ree2 33. Rc4 Bc3
34. Bxc3 Rxf2+ 35. Kg1 Rg2+ 36. Kf1 Rcf2+ 37. Ke1 dxc3 38. Rcxc3 Ra2 39. Kf1
Rxg3 40. Rc6 g5 41. Rxb6 gxh4 42. Ra6 Rf3+ 43. Kg1 Re2 44. b6 h3 45. Ra1 Rff2
46. b7 Rg2+ 47. Kf1 h2 48. b8=Q+ Kh7 49. Qxh2 Rxh2 50. Kg1 h4 51. Ra4 Kg6 52.
Rg4+ Kf5 53. Rg8 h3 54. Rb5+ Kf6 55. Rg3 Rd2 56. Rb1 Rhg2+ 57. Rxg2 Rxg2+ 58.
Kh1 Rg3 59. Rd1 Rf3 60. d4 Ke6 61. d5+ Kd6 62. Kh2 f6 63. Rd2 Re3 64. Rd1 Kc5
65. Rd2 Kd6 66. Rf2 Ke7 67. d6+ Ke6 68. Rd2 Kd7 69. Rf2 Re6 70. Kxh3 Kxd6
1/2-1/2

[Event "Prva liga Centalne Srbije 2009"]
[Site "Vrnjacka Banja"]
[Date "2009.09.25"]
[Round "10.3"]
[White "Misailovic, Nebojsa"]
[Black "Obradovic, Blazimir"]
[Result "1/2-1/2"]
[WhiteElo "2291"]
[BlackElo "2207"]
[PlyCount "93"]
[EventDate "2009.09.19"]

1. e4 e6 2. d4 d5 3. exd5 exd5 4. c3 Bd6 5. Bd3 Ne7 6. Ne2 c6 7. Nd2 Bf5 8. Nf3
Nd7 9. Bf4 Qc7 10. Bxd6 Qxd6 11. O-O O-O 12. Ng3 Bxd3 13. Qxd3 Qg6 14. Qxg6
hxg6 15. Nh4 Rfe8 16. Rae1 Rad8 17. f4 Nc8 18. f5 g5 19. Nf3 f6 20. h4 gxh4 21.
Nxh4 Kf7 22. Ng6 Nf8 23. Nf4 Nd6 24. Kf2 Rxe1 25. Rxe1 Re8 26. Rxe8 Nxe8 27.
Nge2 Nd6 28. g4 g5 29. Nd3 Nd7 30. Nec1 Ke7 31. Nb3 b6 32. Nb4 Nb8 33. Nd2 a5
34. Nc2 Na6 35. Ne3 a4 36. Ke2 b5 37. Kd3 Nc4 38. b3 axb3 39. axb3 Nxd2 40.
Kxd2 Kd6 41. Kc2 Nc7 42. Kd3 Na6 43. Nc2 c5 44. Ne3 c4+ 45. Kc2 Kc6 46. Kb2 Nc7
47. b4 1/2-1/2

[Event "Prva liga Centalne Srbije 2009"]
[Site "Vrnjacka Banja"]
[Date "2009.09.25"]
[Round "10.3"]
[White "Jokovic, Dragan"]
[Black "Marinkovic, Zoran"]
[Result "0-1"]
[WhiteElo "2190"]
[BlackElo "2259"]
[PlyCount "86"]
[EventDate "2009.09.19"]

1. d4 Nf6 2. Bg5 c5 3. d5 Qb6 4. Nc3 Qxb2 5. Bd2 Qb6 6. e4 e5 7. f4 d6 8. fxe5
dxe5 9. Nf3 Bd6 10. Rb1 Qd8 11. Bb5+ Nfd7 12. a4 a6 13. Be2 Nf8 14. O-O Ng6 15.
Qe1 O-O 16. h4 Nd7 17. g3 Nf6 18. Bg5 Be7 19. d6 Qxd6 20. Rd1 Qb8 21. Bxf6 Bxf6
22. Nd5 Bd8 23. h5 Ne7 24. h6 Nxd5 25. hxg7 Re8 26. Rxd5 Bh3 27. Rf2 Be6 28.
Qd2 Bf6 29. Ng5 Bxg5 30. Qxg5 Bxd5 31. exd5 Qd6 32. Rf6 Qxd5 33. Bd3 Qd4+ 34.
Kh2 e4 35. Be2 Qe5 36. Rf5 Qxg7 37. Qf4 Re6 38. Kg2 Rf8 39. Bc4 Rg6 40. Rxc5
Kh8 41. Rc7 Rg8 42. Qxe4 Rxg3+ 43. Kf2 Rg2+ 0-1

[Event "Prva liga Centalne Srbije 2009"]
[Site "Vrnjacka Banja"]
[Date "2009.09.25"]
[Round "10.4"]
[White "Manic, Jovica"]
[Black "Ristic, Nenad"]
[Result "1/2-1/2"]
[WhiteElo "2257"]
[BlackElo "2407"]
[PlyCount "30"]
[EventDate "2009.09.19"]

1. Nf3 Nf6 2. d4 e6 3. Bg5 d5 4. e3 Be7 5. Bd3 O-O 6. Nbd2 b6 7. c3 Ba6 8. Bxa6
Nxa6 9. Ne5 Nb8 10. O-O Nfd7 11. Bxe7 Qxe7 12. f4 f6 13. Nxd7 Nxd7 14. Qf3 f5
15. Qe2 Nf6 1/2-1/2

[Event "Prva liga Centalne Srbije 2009"]
[Site "Vrnjacka Banja"]
[Date "2009.09.25"]
[Round "10.4"]
[White "Markovic, Dejan M"]
[Black "Zlatanovic, Boroljub"]
[Result "1/2-1/2"]
[WhiteElo "2403"]
[BlackElo "2404"]
[PlyCount "26"]
[EventDate "2009.09.19"]

1. d4 g6 2. Nf3 Bg7 3. g3 d6 4. Bg2 Nf6 5. O-O O-O 6. b3 c5 7. Bb2 Na6 8. c4
Bd7 9. Nc3 Qc8 10. Re1 Bh3 11. e4 Bxg2 12. Kxg2 cxd4 13. Nxd4 Nc5 1/2-1/2

[Event "Prva liga Centalne Srbije 2009"]
[Site "Vrnjacka Banja"]
[Date "2009.09.25"]
[Round "10.6"]
[White "Misojcic, Miroslav"]
[Black "Panic, Nenad"]
[Result "1/2-1/2"]
[WhiteElo "2232"]
[BlackElo "2398"]
[PlyCount "90"]
[EventDate "2009.09.19"]

1. d4 e6 2. c4 b6 3. Nf3 Bb7 4. g3 Bxf3 5. exf3 Nf6 6. Bg2 d5 7. cxd5 exd5 8.
O-O Be7 9. Nc3 O-O 10. f4 c6 11. Be3 Nbd7 12. h3 Qc7 13. Qb3 Rac8 14. Rfd1 Rfd8
15. Rac1 Qb7 16. a3 Ne8 17. Qa2 a5 18. Qb1 Nd6 19. a4 Nf6 20. b3 Nde8 21. g4
Bb4 22. g5 Nd7 23. Ne2 Nf8 24. f5 Bd6 25. h4 f6 26. Qd3 Qf7 27. Nf4 Bxf4 28.
Bxf4 Nd6 29. Bxd6 Rxd6 30. Re1 c5 31. dxc5 bxc5 32. Qb5 fxg5 33. Rxc5 Rcd8 34.
Re5 Qf6 35. Rexd5 gxh4 36. Qxa5 Qg5 37. Kf1 Qg4 38. Rxd6 Rxd6 39. Bd5+ Rxd5 40.
Rxd5 h3 41. Rd8 Qg2+ 42. Ke2 Qe4+ 43. Kd2 Qf4+ 44. Ke2 Qe4+ 45. Kd2 Qf4+
1/2-1/2

[Event "Prva liga Centalne Srbije 2009"]
[Site "Vrnjacka Banja"]
[Date "2009.09.25"]
[Round "10.6"]
[White "Markovic, Zoran S"]
[Black "Urosevic, Zoran"]
[Result "1/2-1/2"]
[WhiteElo "2350"]
[BlackElo "2292"]
[PlyCount "168"]
[EventDate "2009.09.19"]

1. e4 c5 2. Nf3 d6 3. d4 cxd4 4. Nxd4 Nf6 5. Nc3 a6 6. Be2 e5 7. Nb3 Be6 8. f4
Qc7 9. g4 exf4 10. g5 Nfd7 11. Bxf4 Nc6 12. Qd2 Nce5 13. O-O-O Rc8 14. h4 b5
15. Nd5 Bxd5 16. exd5 g6 17. h5 Bg7 18. hxg6 hxg6 19. Rxh8+ Bxh8 20. Nd4 Nb6
21. Bxe5 Bxe5 22. Nc6 Nxd5 23. Nxe5 dxe5 24. Bg4 Rd8 25. Qh2 e4 26. Qxc7 Nxc7
27. Re1 Rd5 28. Rxe4+ Kf8 29. a4 Rxg5 30. Be2 Ne8 31. Rd4 Ke7 32. axb5 axb5 33.
c4 Nd6 34. cxb5 Nxb5 35. Rb4 Nd6 36. Rb8 Re5 37. Bd3 f5 38. b4 g5 39. b5 f4 40.
b6 Kd7 41. Rg8 f3 42. Kd2 Kc6 43. Rg6 Rd5 44. b7 Kxb7 45. Ke3 Kc7 46. Bc2 f2
47. Kxf2 Rd2+ 48. Ke3 Nc4+ 49. Ke4 Rg2 50. Rg7+ Kd6 51. Kf3 Rg1 52. Kf2 Rg4 53.
Bd1 Rf4+ 54. Kg3 Rf5 55. Ra7 Rc5 56. Be2 Ne3 57. Kf3 Re5 58. Ra6+ Kc7 59. Bd3
Nd5 60. Be4 Nb6 61. Ra7+ Kd8 62. Rf7 Nc4 63. Bc6 Rc5 64. Rg7 Ne5+ 65. Kg3 Rc3+
66. Kg2 Nxc6 67. Rxg5 Ke7 68. Rg6 Ne5 69. Ra6 Nd7 70. Kf2 Nf6 71. Ke2 Kf7 72.
Kd2 Rh3 73. Kc2 Kg6 74. Ra5 Ng4 75. Kd2 Kf6 76. Kc2 Ne5 77. Ra8 Kf5 78. Rf8+
Ke4 79. Re8 Rh2+ 80. Kc3 Rg2 81. Rh8 Rg3+ 82. Kc2 Rg2+ 83. Kc3 Rg3+ 84. Kc2
Rg2+ 1/2-1/2

[Event "Prva liga Centalne Srbije 2009"]
[Site "Vrnjacka Banja"]
[Date "2009.09.25"]
[Round "10.6"]
[White "Pantelic, Sasa"]
[Black "Brankovic, Dejan"]
[Result "0-1"]
[WhiteElo "2320"]
[BlackElo "2358"]
[PlyCount "140"]
[EventDate "2009.09.19"]

1. d4 Nf6 2. c4 g6 3. g3 Bg7 4. Bg2 d6 5. Nc3 O-O 6. Nf3 Nbd7 7. O-O e5 8. b3
c6 9. dxe5 dxe5 10. Qc2 Re8 11. Rd1 e4 12. Nd4 Qe7 13. h3 a6 14. Qd2 h6 15. Qe1
Nc5 16. Be3 a5 17. Rac1 Nh7 18. Nc2 f5 19. Bxc5 Qxc5 20. Na4 Qe5 21. Nb6 Rb8
22. Nxc8 Rbxc8 23. e3 Rcd8 24. Rd2 Rxd2 25. Qxd2 Qb2 26. Ra1 Bf6 27. Qc1 Qc3
28. Rb1 Rd8 29. Ne1 Rd2 30. Qxc3 Bxc3 31. a4 Nf6 32. Rc1 Bb4 33. Nc2 Bc3 34.
Ne1 Be5 35. f4 Bd6 36. c5 Bf8 37. Bf1 Nd7 38. Bc4+ Kg7 39. Rc2 Rd1 40. Kf2 Nxc5
41. Ke2 Rb1 42. Rd2 Be7 43. Nc2 Nxb3 44. Rd7 Kf8 45. Bxb3 Rxb3 46. Nd4 Rb2+ 47.
Kf1 h5 48. Rc7 Kf7 49. g4 hxg4 50. hxg4 fxg4 51. f5 gxf5 52. Nxf5 Ke6 53. Ng7+
Kf6 54. Ne8+ Kf7 55. Nd6+ Ke6 56. Nxb7 Bd6 57. Rh7 Bb4 58. Nd8+ Kd5 59. Rh5+
Kc4 60. Nxc6 Kd3 61. Nxa5 Bxa5 62. Rxa5 Kxe3 63. Rf5 Ra2 64. a5 Ra1+ 65. Kg2
Ke2 66. Kg3 Rg1+ 67. Kh2 Ra1 68. Kg3 e3 69. Kxg4 Kd3 70. Rf3 Kd2 0-1

[Event "Prva liga Centalne Srbije 2009"]
[Site "Vrnjacka Banja"]
[Date "2009.09.25"]
[Round "10.6"]
[White "Prelevic, Dusko"]
[Black "Lazic, Zeljko"]
[Result "1/2-1/2"]
[WhiteElo "2321"]
[BlackElo "2181"]
[PlyCount "87"]
[EventDate "2009.09.19"]

1. d4 g6 2. e4 Bg7 3. Nc3 d6 4. f4 Nf6 5. Nf3 O-O 6. e5 dxe5 7. dxe5 Qxd1+ 8.
Kxd1 Rd8+ 9. Ke1 Ne8 10. Be3 Nc6 11. Bc4 Bf5 12. Rc1 Na5 13. Be2 Bg4 14. h3
Bxf3 15. Bxf3 f6 16. b4 Nc6 17. b5 Na5 18. Bc5 fxe5 19. Bb4 Nc4 20. Bxb7 exf4
21. Bd5+ Rxd5 22. Nxd5 e6 23. Nxf4 Bh6 24. Rf1 Ne3 25. Ke2 Nxf1 26. Rxf1 Nd6
27. Bxd6 cxd6 28. Rf3 a6 29. bxa6 Rxa6 30. Nxe6 Rxa2 31. Kd3 Ra3+ 32. c3 Ra5
33. c4 Ra2 34. g4 Ra3+ 35. Ke4 Rxf3 36. Kxf3 Kf7 37. Nd4 Bg7 38. Nb5 Be5 39.
Ke4 Bg3 40. Kd5 Ke7 41. Nc3 h6 42. Ne4 Bf4 43. Nc3 Bg3 44. Ne4 1/2-1/2

[Event "Prva liga Centalne Srbije 2009"]
[Site "Vrnjacka Banja"]
[Date "2009.09.25"]
[Round "10.6"]
[White "Misic, Dragan"]
[Black "Organdziev, Oliver"]
[Result "1-0"]
[WhiteElo "2300"]
[BlackElo "2297"]
[PlyCount "109"]
[EventDate "2009.09.19"]

1. d4 d5 2. c4 Bf5 3. cxd5 Bxb1 4. Rxb1 Qxd5 5. a3 Nc6 6. Nf3 O-O-O 7. Qc2 Nxd4
8. Nxd4 Qxd4 9. g3 Qd5 10. e4 Qh5 11. Bf4 e5 12. Be2 Qg6 13. Rc1 Bd6 14. Be3
Kd7 15. f4 Ke8 16. f5 Qf6 17. Qa4+ c6 18. Qxa7 Qe7 19. O-O Nf6 20. Qa4 h6 21.
Kh1 Kf8 22. Qc4 Kg8 23. Rg1 h5 24. Bg5 Bc7 25. Rcd1 Bb6 26. Rxd8+ Qxd8 27. Rd1
Qe7 28. b4 Bd4 29. a4 Qc7 30. Bxf6 gxf6 31. h4 Kg7 32. a5 Qe7 33. Kg2 Qd6 34.
Kh3 Qe7 35. Rb1 Qc7 36. b5 Qxa5 37. bxc6 b6 38. c7 b5 39. Rxb5 Qe1 40. Bf3 Be3
41. Rb3 Rc8 42. Rxe3 Qxe3 43. Bxh5 Qb6 44. Qxf7+ Kh8 45. Bg6 Qxc7 46. Qxf6+ Kg8
47. h5 Rf8 48. Qe6+ Kh8 49. h6 Qd8 50. Qxe5+ Rf6 51. g4 Kg8 52. h7+ Kh8 53. g5
Qf8 54. Bh5 Qa3+ 55. Kh4 1-0